| 000 | 00587nam a22001697a 4500 | ||
|---|---|---|---|
| 999 |
_c41100 _d41100 |
||
| 003 | OSt | ||
| 005 | 20210310114829.0 | ||
| 008 | 210310b ||||| |||| 00| 0 eng d | ||
| 020 | _a9788126467686 | ||
| 040 | _coclc | ||
| 082 |
_a303.490954 _bKAL/V |
||
| 100 |
_92031 _aKalam, A P J Abdul |
||
| 245 |
_aVikasanathinte Mattolikal = Beyond 2020 A Vision For Tomorrow's India _bNalathe Indiaykkuvendiyulla Margadarsanam / _cA P J Abdul Kalam |
||
| 260 |
_aKottayam: _bD C Books, _c2016. |
||
| 300 | _a231p | ||
| 942 |
_2ddc _cBK _h303.490954 _iKAL/V _k303.490954 _mKAL/V |
||